000 00915nam a2200265 i 4500
001 183107
003 ES-MaACL
005 20251017111314.0
008 140116s1987 fr |||| | fre d
020 _a2-07-070919-1
100 1 _aKristeva, Julia.
_968861
245 1 0 _aSoleil noir
_b: dépression et mélancolie /
_cJulia Kristeva.
260 _a[Paris] :
_bGallimard,
_c1987.
300 _a264 p. ;
_c21 cm.
650 0 4 _aMelancolía.
_914985
650 4 _aMelancolía-
_xEn el arte.
_9160171
650 4 _aMelancolía-
_xEn la literatura.
_914987
650 0 4 _aDepresión mental.
_911597
700 0 _aNerval, Gérard de,
_d1808-1855
_985401
700 1 _aDostoievski, Fiódor,
_d1821-1881
_9242371
700 0 _aDuras, Marguerite,
_d1914-1996
_946279
700 1 _aHolbein, Hans,
_dca. 1497-1543
_9153101
852 _aES-MaACL
_jL-29916
_z.- Donat. Miguel A. Velasco
999 _c183107
_d183107